R FOR DATA SCIENCE (Record no. 28161)

MARC details
000 -LEADER
fixed length control field 00298nam a22001457a 4500
003 - CONTROL NUMBER IDENTIFIER
control field SGT
020 ## - INTERNATIONAL STANDARD BOOK NUMBER
International Standard Book Number 9780198082873
082 ## - DEWEY DECIMAL CLASSIFICATION NUMBER
Classification number 005.7,WIC
100 ## - MAIN ENTRY--PERSONAL NAME
Personal name WICKHAM HODLEY
245 ## - TITLE STATEMENT
Title R FOR DATA SCIENCE
250 ## - EDITION STATEMENT
Edition statement 2ND
260 ## - PUBLICATION, DISTRIBUTION, ETC. (IMPRINT)
Place of publication, distribution, etc TOKYO, OREILLY
Year of Publication 2023
300 ## - PAGE DESCRIPTION
No. of Pages 550
942 ## - ADDED ENTRY ELEMENTS (KOHA)
Source of classification or shelving scheme Dewey Decimal Classification
Koha item type Books
942 ## - ADDED ENTRY ELEMENTS (KOHA)
-- 2
Holdings
Withdrawn status Lost status Source of classification or shelving scheme Damaged status Use restrictions Not for loan Collection code Home library Current library Shelving location Date acquired Vendor Name Cost, normal purchase price SGTU Bill Number Full call number Accession No. (Barcode) Date last seen Bill Date Koha item type Total Checkouts Date last borrowed Checked out
    Dewey Decimal Classification   Restricted Access Not For Loan ENGINEERING SGT Engineering Library SGT Engineering Library Reference Book 16/12/2024 SAVERA BOOK DISTRIBUTORS 2100.00 SGTU CBR/600 005.7,WIC FE9190 16/12/2024 09/11/2024 Books      
    Dewey Decimal Classification       ENGINEERING SGT Engineering Library SGT Engineering Library Text Book 16/12/2024 SAVERA BOOK DISTRIBUTORS 2100.00 SGTU CBR/600 005.7,WIC FE9191 16/12/2024 09/11/2024 Books      
    Dewey Decimal Classification       ENGINEERING SGT Engineering Library SGT Engineering Library Text Book 16/12/2024 SAVERA BOOK DISTRIBUTORS 2100.00 SGTU CBR/600 005.7,WIC FE9192 16/12/2024 09/11/2024 Books      
    Dewey Decimal Classification       ENGINEERING SGT Engineering Library SGT Engineering Library Text Book 16/12/2024 SAVERA BOOK DISTRIBUTORS 2100.00 SGTU CBR/600 005.7,WIC FE9193 06/08/2025 09/11/2024 Books 1 04/08/2025  
    Dewey Decimal Classification       ENGINEERING SGT Engineering Library SGT Engineering Library Text Book 16/12/2024 SAVERA BOOK DISTRIBUTORS 2100.00 SGTU CBR/600 005.7,WIC FE9194 04/02/2025 09/11/2024 Books 1 04/02/2025  
    Dewey Decimal Classification       ENGINEERING SGT Engineering Library SGT Engineering Library Text Book 16/12/2024 SAVERA BOOK DISTRIBUTORS 2100.00 SGTU CBR/600 005.7,WIC FE9195 06/04/2026 09/11/2024 Books 1 24/03/2026  
    Dewey Decimal Classification       ENGINEERING SGT Engineering Library SGT Engineering Library Text Book 16/12/2024 SAVERA BOOK DISTRIBUTORS 2100.00 SGTU CBR/600 005.7,WIC FE9196 27/05/2026 09/11/2024 Books 3 27/05/2026 10/06/2026
    Dewey Decimal Classification       ENGINEERING SGT Engineering Library SGT Engineering Library Text Book 16/12/2024 SAVERA BOOK DISTRIBUTORS 2100.00 SGTU CBR/600 005.7,WIC FE9197 16/12/2024 09/11/2024 Books